Philips' great world atlas (Record no. 42387)
[ view plain ]
| 000 -LEADER | |
|---|---|
| fixed length control field | 00470nam a22001697a 4500 |
| 008 - FIXED-LENGTH DATA ELEMENTS--GENERAL INFORMATION | |
| fixed length control field | 230612b |||||||| |||| 00| 0 eng d |
| 020 ## - INTERNATIONAL STANDARD BOOK NUMBER | |
| International Standard Book Number | 0 540 05535 2 |
| 040 ## - CATALOGING SOURCE | |
| Original cataloging agency | National Science Library |
| Transcribing agency | National Science Library |
| 080 ## - UNIVERSAL DECIMAL CLASSIFICATION NUMBER | |
| Universal Decimal Classification number | R 912(100) |
| Item number | M7 |
| 245 ## - TITLE STATEMENT | |
| Title | Philips' great world atlas |
| 260 ## - PUBLICATION, DISTRIBUTION, ETC. | |
| Name of publisher, distributor, etc. | George Philip and Son Ltd., |
| Date of publication, distribution, etc. | 1987 |
| 300 ## - PHYSICAL DESCRIPTION | |
| Extent | xv, 144p. |
| 650 ## - SUBJECT ADDED ENTRY--TOPICAL TERM | |
| Topical term or geographic name entry element | Geography |
| 653 ## - INDEX TERM--UNCONTROLLED | |
| Uncontrolled term | Atlas |
| 700 ## - ADDED ENTRY--PERSONAL NAME | |
| Personal name | Willett, B M (Ed.) |
| 942 ## - ADDED ENTRY ELEMENTS (KOHA) | |
| Source of classification or shelving scheme | Universal Decimal Classification |
| Koha item type | Reference |
| Withdrawn status | Lost status | Source of classification or shelving scheme | Damaged status | Not for loan | Collection | Home library | Current library | Shelving location | Date acquired | Total Checkouts | Full call number | Barcode | Date last seen | Price effective from | Koha item type |
|---|---|---|---|---|---|---|---|---|---|---|---|---|---|---|---|
| Universal Decimal Classification | Reference | National Science Library | National Science Library | GF/Rk-22/C-10/R-1 | 25/08/1988 | R 912(100) M7 | 169435 | 12/06/2023 | 25/08/1988 | Reference |